Statistiche per Allenatori più vincenti della storia del Bayern Monaco

Clicka qui per fare il quiz!

Statistiche generali

  • Questo quiz è stato fatto 10 volte
  • Il punteggio medio è 6 su 14

Statistiche sulle risposte

NazionePeriodoTotale trofeiTrofei vintiAllenatore% Corretto
Italia2016-201731 Campionato tedesco; 2 Supercoppe di GermaniaCarlo Ancelotti
88%
Germania2021-202331 Campionato tedesco; 2 Supercoppe di GermaniaJulian Nagelsmann
88%
Spagna2013-201673 Campionati tedeschi; 2 Coppe di Germania; 1 Supercoppa UEFA; 1 Coppa del mondo per club FIFAPep Guardiola
75%
Italia1996-199831 Campionato tedesco; 1 Coppa di Germania, 1 Coppa di Lega tedescaGiovanni Trapattoni
63%
Germania1987-1991; 2011-2013, 2017-201894 Campionati tedeschi; 1 Coppa di Germania; 3 Supercoppe di Germania; 1 UEFA Champions LeagueJupp Heynckes
63%
Paesi Bassi2009-201131 Campionato tedesco; 1 Coppa di Germania; 1 Supercoppa di GermaniaLouis van Gaal
63%
Germania2019-202172 Campionati tedeschi; 1 Coppa di Germania; 1 Supercoppa di Germania, 1 UEFA Champions League; 1 Supercoppa UEFA; 1 Coppa del mondo per club FIFAHansi Flick
50%
Croazia2018-201931 Campionato tedesco; 1 Coppa di Germania, 1 Supercoppa di GermaniaNiko Kovač
50%
Germania1998-2004; 2007-2008145 Campionati tedeschi; 3 Coppe di Germania; 4 Coppe di Lega tedesca; 1 UEFA Champions League; 1 Coppa IntercontinentaleOttmar Hitzfeld
25%
Germania1970-1975; 1983-1987106 Campionati tedeschi; 3 Coppe di Germania, 1 Coppa dei CampioniUdo Lattek
13%
Germania1975-197732 Coppe dei Campioni; 1 Coppa IntercontinentaleDettmar Cramer
0%
Germania2004-200752 Campionati tedeschi; 2 Coppe di Germania; 1 Coppa di Lega tedescaFelix Magath
0%
Ungheria1979-198332 Campionati tedeschi; 1 Coppa di GermaniaPál Csernai
0%
Jugoslavia / Croazia1963-196832 Coppe di Germania; 1 Coppa delle CoppeZlatko Čajkovski
0%

Distribuzione punteggi

Percentile per numero di risposta

Percentuale di utenti per punteggio

I tuoi punteggi nel tempo

Non hai fatto questo quiz